[Event "Texas Amateur-ch"]
[Site "Dallas"]
[Date "2003.05.24"]
[Round "2"]
[White "Alexander, Joe Matt"]
[Black "Harris, Jonathan"]
[Result "1-0"]
[WhiteElo "1455"]
[BlackElo "1749"]
[PlyCount "89"]
[EventDate "2003.05.23"]
[EventType "swiss"]
[EventRounds "7"]
[EventCountry "USA"]
[SourceTitle "EXT 2005"]
[Source "ChessBase"]
[SourceDate "2004.11.15"]
[SourceVersion "1"]
[SourceVersionDate "2004.11.15"]
[SourceQuality "1"]

1. e4 d5 2. exd5 Nf6 3. d4 Nxd5 4. c4 Nf6 5. Nc3 Bf5 6. Nf3 e6 7. Be2 c5 8. 0-0 Be7 9. Re1 0-0 10. h3 Nc6 11. Be3 cxd4 12. Nxd4 Nxd4 13. Bxd4 a6 14. Bf3 Rc8 15. b3 Qd7 16. Rc1 Rfd8 17. Bb6 Qxd1 18. Rexd1 Re8 19. g4 Ba3 20. gxf5 Bxc1 21. Rxc1 exf5 22. Rd1 Re6 23. Bxb7 Rb8 24. Rd8+ Re8 25. Rxe8+ Nxe8 26. Bc6 Rxb6 27. Bxe8 Kf8 28. Ba4 g5 29. a3 g4 30. hxg4 fxg4 31. c5 Rb8 32. b4 Ke7 33. Kg2 h5 34. Nd5+ Ke6 35. Nc7+ Ke5 36. Nxa6 Ra8 37. b5 h4 38. c6 Kd6 39. c7 Kd7 40. b6+ Kc8 41. Bb5 Kb7 42. a4 Kxb6 43. Bd7 Kb7 44. Bxg4 Rg8 45. Kh3 1-0